| 000 | 00758nam a2200253 a 4500 | ||
|---|---|---|---|
| 001 | 21798 | ||
| 003 | BD-RjUL | ||
| 005 | 20211209000730.0 | ||
| 008 | 140305s1957 stkab 000 0 eng d | ||
| 035 | _a(BD-RjUL)21863 | ||
| 040 |
_aBD-RjUL _beng _cBD-RjUL _dBD-RjUL |
||
| 041 | _aeng | ||
| 082 |
_a914 _bOGE |
||
| 100 | 1 |
_aOgilvie, Alan G. _q(Alan Grant), _d1887-1954 _967301 |
|
| 245 | 1 | 0 |
_aEurope and its borderlands / _cAlan G. Ogilvie |
| 260 |
_aEdinburgh : _bNelson, _c1957. |
||
| 300 |
_axii, 340 p. : _bmaps, diagrs. ; _c25 cm |
||
| 504 | _aIncludes bibliographical references and index | ||
| 651 | 0 |
_aEurope _xDescription and travel _965724 |
|
| 700 | 1 |
_aRobertson, C. J. _967302 |
|
| 942 |
_2ddc _cBK |
||
| 999 |
_c21798 _d21798 |
||